Bon Jovi Top 75 Uk Hits - Statistics

General Stats
  • This quiz has been taken 29 times
  • The average score is 15 of 38
Answer Stats
Hint Hint Answer % Correct
1986 #4 Livin on a Prayer
96%
1986 #14 You Give Love a Bad Name
96%
1994 #2 Always
88%
1988 #17 Bad Medicine
88%
2000 #3 Its My Life
88%
1992 #5 Keep the Faith
72%
1987 #13 Wanted Dead or Alive
72%
1993 #13 Bed of Roses
64%
2005 #6 Have a Nice Day
64%
1989 #18 I'll Be There For You
60%
1996 #7 These Days
60%
1993 #9 In These Arms
56%
2000 #12 Thank You For Loving Me
52%
1989 #18 Lay Your Hands on Me
48%
1988 #22 Born to be my Baby
44%
2006 #5 Who Says You Can't Go Home
40%
1993 #17 I'll Sleep When I'm Dead
36%
2002 #21 Misunderstood
36%
2001 #10 One Wild Night
36%
2002 #5 Everyday
32%
1995 #7 Someday I'll be Saturday Night
32%
1994 #9 Dry County
28%
1987 #21 Never Say Goodbye
28%
1995 #6 This Ain't a Love Song
28%
2009 #25 We Weren't Born to Follow
28%
2013 #38 Because We Can
24%
1996 #13 Hey God
24%
1989 #35 Living in Sin
20%
1993 #11 I Believe
16%
1995 #8 Something for The Pain
12%
1995 #10 Lie to Me
8%
2000 #10 Say It Isn't So
8%
1985 #68 The Hardest Part is The Night
8%
2003 #9 All About Lovin' You
4%
2006 #19 Welcome to Wherever You Are
4%
2007 #33 (You Want to) Make a Memory
4%
1994 #7 Please Come Home For Christmas
0%
1999 #21 Real Life
0%
No matching quizzes found
Score Distribution
Percent of People with Each Score
Percentile by Number Answered
Your Score History
You have not taken this quiz